Amigos de la Sociedad Económica (Record no. 17517)

MARC details
000 -LEADER
campo de control de longitud fija 01179nam a2200265 i 4500
001 - NÚMERO DE CONTROL
campo de control 17517
003 - IDENTIFICADOR DE NÚMERO DE CONTROL
campo de control ES-MaACL
005 - FECHA Y HORA DE LA ÚLTIMA TRANSACCIÓN
campo de control 20250902090032.0
007 - CAMPO FIJO DE DESCRIPCIÓN FÍSICA--INFORMACIÓN GENERAL
campo de control de longitud fija t|
008 - DATOS DE LONGITUD FIJA--INFORMACIÓN GENERAL
campo de control de longitud fija 010326s2000 sp |||| | spa d
020 ## - NÚMERO INTERNACIONAL ESTÁNDAR DEL LIBRO
Número Internacional Estándar del Libro 84-89318-98-0
080 ## - NÚMERO DE LA CLASIFICACIÓN DECIMAL UNIVERSAL
Número de la Clasificación Decimal Universal 917.291(0:82)
080 ## - NÚMERO DE LA CLASIFICACIÓN DECIMAL UNIVERSAL
Número de la Clasificación Decimal Universal 82-992.09"17/18"
100 1# - ENTRADA PRINCIPAL--NOMBRE DE PERSONA
Nombre de persona Álvarez Cuartero, Izaskun.
9 (RLIN) 147803
245 10 - MENCIÓN DEL TÍTULO
Título Amigos de la Sociedad Económica
Resto del título : relatos, viajes y descripción de la isla de Cuba : lección de ingreso como Amiga de Número leída el día 4 de mayo de 2000 /
Mención de responsabilidad, etc. por Izaskun Álvarez Cuartero ; y palabras de recepción, Pablo J. Beltrán de Heredia.
260 ## - PUBLICACIÓN, DISTRIBUCIÓN, ETC.
Lugar de publicación, distribución, etc. Madrid :
Nombre del editor, distribuidor, etc. Delegación en Corte, Real Sociedad Bascongada de los Amigos del País,
Fecha de publicación, distribución, etc. 2000.
300 ## - DESCRIPCIÓN FÍSICA
Extensión 70 p. :
Otras características físicas il. ;
Dimensiones 21 cm.
650 #4 - PUNTO DE ACCESO ADICIONAL DE MATERIA--TÉRMINO DE MATERIA
Término de materia o nombre geográfico como elemento de entrada Literatura de viajes-
Subdivisión cronológica S.XVIII-
Subdivisión general Historia y crítica.
9 (RLIN) 147804
650 #4 - PUNTO DE ACCESO ADICIONAL DE MATERIA--TÉRMINO DE MATERIA
Término de materia o nombre geográfico como elemento de entrada Literatura de viajes-
Subdivisión cronológica S.XIX-
Subdivisión general Historia y crítica.
9 (RLIN) 146796
651 #4 - PUNTO DE ACCESO ADICIONAL DE MATERIA--NOMBRE GEOGRÁFICO
Nombre geográfico Cuba-
Subdivisión general En la literatura.
9 (RLIN) 8093
700 1# - ENTRADA AGREGADA--NOMBRE PERSONAL
Nombre de persona Beltrán de Heredia Iraurgui, Pablo J.
9 (RLIN) 27360
710 2# - ENTRADA AGREGADA--NOMBRE DE ENTIDAD CORPORATIVA
Nombre de entidad corporativa o nombre de jurisdicción como elemento de entrada Real Sociedad Bascongada de los Amigos del País.
Unidad subordinada Delegación en Corte
9 (RLIN) 6371
852 ## - LOCALIZACIÓN
Ubicación ES-MaACL
Número de control de estantería L-24368
Holdings
Estatus retirado Estado de pérdida Estado de daño No para préstamo Biblioteca de origen Biblioteca actual Ubicación en estantería Fecha de adquisición Fuente de adquisición Total de préstamos Signatura topográfica completa Código de barras Visto por última vez Precio de reemplazo Tipo de ítem Koha
        Biblioteca del Ateneo de Madrid Biblioteca del Ateneo de Madrid Depósito 2 17/01/2008     L-24368 1017871 23/02/2023 23/02/2023 Libro impreso